Современные отечественные термопластичные эластомеры для судовых кабелей; Бутаковские чтения

Dettagli Bibliografici
Parent link:Бутаковские чтения.— 2023.— С. 409-413
Autore principale: Жульмина М. Д.
Ente Autore: Национальный исследовательский Томский политехнический университет
Altri autori: Леонов А. П. Андрей Петрович (научный руководитель)
Riassunto:Текстовый файл
Lingua:russo
Pubblicazione: 2023
Serie:Электротехнические комплексы и системы
Soggetti:
Accesso online:http://earchive.tpu.ru/handle/11683/77669
Natura: MixedMaterials Elettronico Capitolo di libro
KOHA link:https://koha.lib.tpu.ru/cgi-bin/koha/opac-detail.pl?biblionumber=671196

MARC

LEADER 00000naa2a2200000 4500
001 671196
005 20240312133852.0
090 |a 671196 
100 |a 20240305d2023 k||y0rusy50 ca 
101 0 |a rus 
102 |a RU 
135 |a drcn ---uucaa 
200 1 |a Современные отечественные термопластичные эластомеры для судовых кабелей  |f М. Д. Жульмина  |g науч. рук. А. П. Леонов ; Национальный исследовательский Томский политехнический университет 
225 |a Электротехнические комплексы и системы 
283 |2 RDAcarrier 
320 |a Список использованных источников: с. 413 
336 |a Текстовый файл 
463 1 |0 670860  |9 670860  |c Томск  |d 2023  |n Изд-во ТПУ  |o сборник статей III Всероссийской с международным участием молодёжной конференции, 12-14 декабря 2023 г., Томск  |p 1 файл (49,5 Мб, 606 с.)  |t Бутаковские чтения  |a Ивашутенко, А. С. (специалист в области электротехники ; 1981-)  |u conference_tpu-2023-C133.pdf  |v С. 409-413 
610 1 |a труды учёных ТПУ 
610 1 |a электронный ресурс 
610 1 |a судовые кабели  
610 1 |a термопластичные материалы 
700 1 |a Жульмина  |b М. Д. 
702 1 |a Леонов  |b А. П.  |c специалист в области электротехники  |c доцент Томского политехнического университета, кандидат технических наук  |f 1974-  |g Андрей Петрович  |4 727 
712 0 2 |a Национальный исследовательский Томский политехнический университет  |c (2009- )  |9 26305 
801 0 |a RU  |b 63413507  |c 20240305 
850 |a 63413507 
856 |u http://earchive.tpu.ru/handle/11683/77669  |z http://earchive.tpu.ru/handle/11683/77669 
942 |c CF